000
003020000a22001450004500
003
MACL
040
_a
MACL
090
_c
33628
_d
33626
100
_a
Gupta, Sanjeev
245
_a
Physics
260
_b
Jai Prakash Nath Publication
_c
1997
350
_a
210
650
_a
Physics
942
_c
BOOK
_k
530/GUP
999
_c
33277
_d
33277